02055cam a22005534i 4500003000900000005001700009008004100026020001500067020001800082035002000100040003300120049000900153082002000162100004400182245013000226264003200356300006000388336002100448337002500469338002300494504003900517505020200556526001000758526001000768526000900778526000900787526000900796526000900805526000900814526000900823526000900832526000800841526000800849526000800857526000800865526000800873541001800881650002300899650001800922700003700940700004400977910002801021942001401049994001401063596000601077999018101083980005501264952018201319PE-LiUPU20250731165517.0190807s2018 mx a rb 000 0 spa d a6073244320 a9786073244329 a(Sirsi) a252418 aPE-LiUPUbspacPE-LiUPUerda aPRUA04a001.42bP582231 aPimienta Prieto,Julio Herminio,eautor.10aMetodología de la investigación /cJulio Herminio Pimienta Prieto, Arturo De la Orden Hoz, Rosa María Estrada Coronado.1 aMéxico :bPearson,c2018. axii, 188 páginas :bilustraciones /c27 centímetros atext2rdacontent aunmediated2rdamedia avolume2rdacarrier aBibliografía: páginas 180-181.0 aIntroducción a la metodología de la investigación -- Protocolo y diseño de la metodología de la investigación -- Análisis de resultados y conclusiones del proyecto de investigación. aSEG44 aSEG26 aP151 aP150 aP149 aP146 aP145 aP126 aP125 aP92 aP75 aP74 aP27 aP15 g002-00001573;04aCiencias Sociales.04aBachillerato.1 aDe la Orden Hoz, Arturo,eautor.1 aEstrada Coronado, Rosa María,eautor. abgrbkslcksld20190807 2ddccBOOK aC0bPEPRU a1 a001.42 P58wDEWEYc31644i80505d31644f2021-11-4g3lCCODEBUL1mBULp21.30q6r0sYtBOOKu2019-8-7xBIBLIOTECAPP330COMPRA1FCOMPR3o.STAFF. Colección Ciencias de la Salud 81gALBERTO SANCHEZ Responsable de Automatización r2025-12-02 00:00:00i4l1o001.42 P58p80505s2023-08-01te1v26.30w2019-08-07xFCSyBKzinventario-2023-12-13102ddc50708GENfP33aBULbBULcGENd2019-08-07eCOMPRAg21.30